[Event "ENG-ch Senior 65+"]
[Site "Leamington"]
[Date "2023.05.07"]
[Round "6.8"]
[White "Collins, Nigel"]
[Black "Bray, Dave J"]
[Result "0-1"]
[WhiteElo "1454"]
[BlackElo "1989"]
[PlyCount "84"]
[EventDate "2023.05.04"]
[EventType "swiss"]
[EventRounds "7"]
[EventCountry "ENG"]
[SourceTitle "BritBase"]
[Source "John Saunders"]
[SourceDate "2023.05.08"]
[SourceVersion "1"]
[SourceVersionDate "2023.05.08"]
[SourceQuality "1"]

1. c4 Nf6 2. Nc3 e6 3. e4 d5 4. e5 Nfd7 5. d4 dxc4 6. Bxc4 Nb6 7. Bb3 c5 8. Nf3
c4 9. Ba4+ Bd7 10. Bg5 Be7 11. Bxd7+ Qxd7 12. Bxe7 Qxe7 13. O-O O-O 14. Ne4 Qb4
15. Nfg5 h6 16. Qh5 Qe7 17. Nf6+ Kh8 18. Nfh7 Rc8 19. Qxf7 Qxf7 20. Nxf7+ Kxh7
21. Nd6 Rc7 22. f4 Nc6 23. Rad1 Nc8 24. f5 Nxd6 25. exd6 Rd7 26. fxe6 Rxd6 27.
d5 Ne7 28. Rf7 Re8 29. Rd2 b5 30. Rd1 a5 31. Rd4 Nxd5 32. Rd7 Rdxe6 33. R7xd5
Re1+ 34. Kf2 R1e2+ 35. Kf3 Rxb2 36. Rd2 Rxd2 37. Rxd2 c3 38. Rc2 b4 39. a3 Rb8
40. axb4 axb4 41. Ke3 b3 42. Rxc3 b2 0-1

[Event "ENG-ch Senior 65+"]
[Site "Leamington"]
[Date "2023.05.07"]
[Round "6.9"]
[White "McNally, Richard J E"]
[Black "Daniels, David W"]
[Result "1-0"]
[WhiteElo "1891"]
[BlackElo "1621"]
[PlyCount "91"]
[EventDate "2023.05.04"]
[EventType "swiss"]
[EventRounds "7"]
[EventCountry "ENG"]
[SourceTitle "BritBase"]
[Source "John Saunders"]
[SourceDate "2023.05.08"]
[SourceVersion "1"]
[SourceVersionDate "2023.05.08"]
[SourceQuality "1"]

1. d4 Nf6 2. Nc3 d5 3. Bg5 Bf5 4. e3 e6 5. Bd3 Bxd3 6. cxd3 c5 7. dxc5 Bxc5 8.
d4 Be7 9. Nge2 Nc6 10. O-O O-O 11. Ng3 h6 12. Bxf6 Bxf6 13. f4 g6 14. Qf3 Ne7
15. Rad1 Bg7 16. Nge2 Rc8 17. g4 Rc6 18. Ng3 f5 19. Kh1 Kh7 20. Rg1 Qd7 21. Rg2
Rd6 22. Rdg1 Qc6 23. gxf5 exf5 24. Nge2 Rf7 25. Nc1 Qc4 26. Rd2 Bf6 27. Nd3 Rg7
28. Ne5 Qa6 29. Nd3 Qa5 30. b4 Qd8 31. Nc5 Rb6 32. a3 g5 33. N3a4 g4 34. Qe2
Rc6 35. b5 Rxc5 36. Nxc5 Qc8 37. Rc2 b6 38. Ne4 Qe6 39. Nxf6+ Qxf6 40. Rc7 Qe6
41. Qd3 Ng6 42. Rxg7+ Kxg7 43. Rc1 h5 44. Rc6 Qd7 45. Qc3 Kh6 46. Rxg6+ 1-0

[Event "ENG-ch Senior 65+"]
[Site "Leamington"]
[Date "2023.05.07"]
[Round "6.10"]
[White "Neatherway, A Philip"]
[Black "Tucker, David S"]
[Result "1/2-1/2"]
[WhiteElo "1739"]
[BlackElo "1909"]
[PlyCount "46"]
[EventDate "2023.05.04"]
[EventType "swiss"]
[EventRounds "7"]
[EventCountry "ENG"]
[SourceTitle "BritBase"]
[Source "John Saunders"]
[SourceDate "2023.05.08"]
[SourceVersion "1"]
[SourceVersionDate "2023.05.08"]
[SourceQuality "1"]

1. e4 c5 2. Nf3 Nc6 3. d4 cxd4 4. Nxd4 g6 5. Nc3 Bg7 6. Be3 Nf6 7. Bc4 O-O 8.
Bb3 a5 9. O-O d5 10. exd5 Nb4 11. a4 Nfxd5 12. Nxd5 Nxd5 13. Bxd5 Qxd5 14. c3
Bd7 15. Qf3 Qxf3 16. Nxf3 e5 17. Rfd1 Bc6 18. Bb6 Bf6 19. Bc7 Rfc8 20. Bd6 Rd8
21. Bc7 Rxd1+ 22. Rxd1 Bxa4 23. Ra1 Bc6 1/2-1/2

[Event "ENG-ch Senior 65+"]
[Site "Leamington"]
[Date "2023.05.07"]
[Round "6.11"]
[White "Goodwin, Ed H"]
[Black "Seymour, Paul"]
[Result "1/2-1/2"]
[WhiteElo "1817"]
[BlackElo "1599"]
[PlyCount "72"]
[EventDate "2023.05.04"]
[EventType "swiss"]
[EventRounds "7"]
[EventCountry "ENG"]
[SourceTitle "BritBase"]
[Source "John Saunders"]
[SourceDate "2023.05.08"]
[SourceVersion "1"]
[SourceVersionDate "2023.05.08"]
[SourceQuality "1"]

1. d4 d5 2. c4 e6 3. Nc3 Nf6 4. cxd5 exd5 5. Bg5 Be7 6. e3 c6 7. Bd3 h6 8. Bh4
O-O 9. Qc2 Nbd7 10. Nge2 a6 11. O-O c5 12. dxc5 Nxc5 13. Bf5 g6 14. Bxc8 Rxc8
15. Rad1 Nce4 16. Qb1 Qa5 17. a3 g5 18. Bg3 Rfd8 19. Be5 Ng4 20. Bd4 Qc7 21. g3
Nxc3 22. Bxc3 Qc6 23. Nd4 Qg6 24. Qxg6+ fxg6 25. Kg2 Nf6 26. f3 Rc4 27. g4 Bxa3
28. Ne6 Rd6 29. Bxf6 Rxe6 30. bxa3 Rxf6 31. Rxd5 Rf7 32. Rd3 Rfc7 33. Rfd1 Rc3
34. Kf2 Rxd3 35. Rxd3 Kf7 36. Rb3 b5 1/2-1/2

[Event "ENG-ch Senior 65+"]
[Site "Leamington"]
[Date "2023.05.07"]
[Round "6.12"]
[White "Erdogan, Hassan"]
[Black "Barton, R Alan"]
[Result "1/2-1/2"]
[WhiteElo "1831"]
[BlackElo "1840"]
[PlyCount "86"]
[EventDate "2023.05.04"]
[EventType "swiss"]
[EventRounds "7"]
[EventCountry "ENG"]
[SourceTitle "BritBase"]
[Source "John Saunders"]
[SourceDate "2023.05.08"]
[SourceVersion "1"]
[SourceVersionDate "2023.05.08"]
[SourceQuality "1"]

1. d4 d6 2. Nf3 Bg4 3. e3 Nd7 4. Be2 Ngf6 5. b3 g6 6. Bb2 Bg7 7. Nbd2 O-O 8.
O-O Re8 9. h3 Bxf3 10. Bxf3 c6 11. Rb1 Qc7 12. c4 e5 13. dxe5 dxe5 14. Qc2 a5
15. a3 Nc5 16. b4 axb4 17. axb4 Ne6 18. Bc3 Rad8 19. Rfd1 Ng5 20. h4 Nxf3+ 21.
Nxf3 Rxd1+ 22. Rxd1 e4 23. Nd2 Ng4 24. Nf1 Bxc3 25. Qxc3 Qe7 26. g3 Ne5 27. Nh2
h5 28. Qd4 Qxb4 29. Qxe4 Qxc4 30. Rd4 Qe6 31. Qb1 b5 32. Qd1 Nc4 33. g4 Nxe3
34. fxe3 Qxe3+ 35. Kg2 Qe2+ 36. Qxe2 Rxe2+ 37. Kg3 hxg4 38. Nxg4 Kg7 39. Kf3
Rc2 40. Rd7 Rc3+ 41. Kf4 Rc4+ 42. Kf3 Rc3+ 43. Kf4 Rc4+ 1/2-1/2

[Event "ENG-ch Senior 65+"]
[Site "Leamington"]
[Date "2023.05.07"]
[Round "6.13"]
[White "Pollyn, Stephen M"]
[Black "Stokes, Mike R"]
[Result "0-1"]
[WhiteElo "1791"]
[BlackElo "1973"]
[PlyCount "65"]
[EventDate "2023.05.04"]
[EventType "swiss"]
[EventRounds "7"]
[EventCountry "ENG"]
[SourceTitle "BritBase"]
[Source "John Saunders"]
[SourceDate "2023.05.08"]
[SourceVersion "1"]
[SourceVersionDate "2023.05.08"]
[SourceQuality "1"]

1. e4 e5 2. Nf3 Nc6 3. d4 exd4 4. Bc4 Bb4+ 5. Bd2 Bxd2+ 6. Qxd2 d6 7. Nxd4 Nf6
8. Nc3 O-O 9. Nxc6 bxc6 10. O-O Rb8 11. b3 Ng4 12. f4 Qh4 13. g3 Qh6 14. Rae1
Bb7 15. Qe2 Nf6 16. Ba6 Ba8 17. f5 Nd7 18. Bd3 Rfe8 19. Rf4 Qf6 20. Nd1 c5 21.
Nf2 d5 22. Kf1 Qd6 23. Ng4 c4 24. bxc4 dxe4 25. Bxe4 h5 26. Nf2 Nf6 27. Qd3
Nxe4 28. Nxe4 Qc6 29. f6 g5 30. Rf5 Rxe4 31. Rxg5+ Kh7 32. Re5 Qxf6+ 33. Kg1
0-1

[Event "ENG-ch Senior 65+"]
[Site "Leamington"]
[Date "2023.05.07"]
[Round "6.14"]
[White "Jerome, Stellio"]
[Black "Bellers, Chris JV"]
[Result "0-1"]
[WhiteElo "1518"]
[BlackElo "1900"]
[PlyCount "88"]
[EventDate "2023.05.04"]
[EventType "swiss"]
[EventRounds "7"]
[EventCountry "ENG"]
[SourceTitle "BritBase"]
[Source "John Saunders"]
[SourceDate "2023.05.08"]
[SourceVersion "1"]
[SourceVersionDate "2023.05.08"]
[SourceQuality "1"]

1. f4 g6 2. Nf3 Bg7 3. d3 d6 4. d4 Nd7 5. Nc3 a6 6. e4 e6 7. Bd3 Ne7 8. O-O b5
9. a3 Bb7 10. Qe1 h6 11. Be3 Nb6 12. b3 Qd7 13. Rd1 d5 14. e5 O-O-O 15. Na2 Nc6
16. Rc1 Bf8 17. Nb4 Kb8 18. c4 Nxb4 19. axb4 dxc4 20. bxc4 bxc4 21. Bxc4 Nxc4
22. Rxc4 Bd5 23. Rc5 Bxc5 24. bxc5 Qc6 25. Rf2 Kc8 26. Qa1 Kd7 27. Ne1 Rb8 28.
Rc2 Rb3 29. Bc1 Rhb8 30. Rb2 Rxb2 31. Bxb2 Qb5 32. Bc3 Qe2 33. Qc1 Rb3 34. Bd2
Qe4 35. Qd1 Rb1 36. Bc1 Bc6 37. Qd2 a5 38. h3 a4 39. Kh2 a3 40. Nf3 a2 41. Bb2
Rxb2 42. Qxb2 Qb1 43. Qf2 a1=Q 44. Qh4 Bxf3 0-1

[Event "ENG-ch Senior 65+"]
[Site "Leamington"]
[Date "2023.05.07"]
[Round "6.15"]
[White "Waldock, Adrian Dp"]
[Black "Baguley, John"]
[Result "0-1"]
[WhiteElo "1686"]
[BlackElo "1811"]
[PlyCount "94"]
[EventDate "2023.05.04"]
[EventType "swiss"]
[EventRounds "7"]
[EventCountry "ENG"]
[SourceTitle "BritBase"]
[Source "John Saunders"]
[SourceDate "2023.05.08"]
[SourceVersion "1"]
[SourceVersionDate "2023.05.08"]
[SourceQuality "1"]

1. d4 Nf6 2. Nc3 g6 3. e4 d6 4. Bd3 Bg7 5. h3 Nc6 6. Be3 e5 7. d5 Ne7 8. Qd2
O-O 9. g4 c6 10. g5 Ne8 11. O-O-O cxd5 12. Nxd5 Nxd5 13. exd5 f6 14. gxf6 Bxf6
15. Ne2 Bg7 16. c4 Bf5 17. Ng3 Bxd3 18. Qxd3 Rc8 19. Kb1 b6 20. Ne4 Nf6 21. Ng5
Rf7 22. Nxf7 Kxf7 23. Rc1 Nd7 24. h4 Nc5 25. Bxc5 bxc5 26. h5 Qf6 27. hxg6+
hxg6 28. Qe4 Kg8 29. Rc2 Rb8 30. Rg1 g5 31. Rg3 Qf4 32. Qg6 Qf6 33. Qe4 Rf8 34.
a3 a5 35. Qg4 Bh6 36. Rh3 Kg7 37. Rb3 Qd8 38. Rb7+ Rf7 39. Rxf7+ Kxf7 40. Qe6+
Kg7 41. Rc3 Qf6 42. Qxf6+ Kxf6 43. Rb3 g4 44. Rb5 e4 45. Rb3 e3 46. fxe3 g3 47.
Rb8 g2 0-1

[Event "ENG-ch Senior 65+"]
[Site "Leamington"]
[Date "2023.05.07"]
[Round "6.16"]
[White "Hall, Alan A"]
[Black "Morris, Nigel W"]
[Result "0-1"]
[WhiteElo "1747"]
[BlackElo "1363"]
[PlyCount "70"]
[EventDate "2023.05.04"]
[EventType "swiss"]
[EventRounds "7"]
[EventCountry "ENG"]
[SourceTitle "BritBase"]
[Source "John Saunders"]
[SourceDate "2023.05.08"]
[SourceVersion "1"]
[SourceVersionDate "2023.05.08"]
[SourceQuality "1"]

1. d4 Nf6 2. Nf3 d6 3. c4 g6 4. Nc3 Bg7 5. e4 O-O 6. Be2 c5 7. d5 e6 8. dxe6
fxe6 9. O-O Nc6 10. a3 a6 11. Bg5 Qc7 12. Qd2 Rd8 13. Rfd1 b6 14. Rab1 Bb7 15.
b4 Ne7 16. Qc2 Rf8 17. Rd2 Rad8 18. Rbd1 Nh5 19. Bd3 Nf4 20. Ne2 Nxd3 21. Qxd3
h6 22. Bf4 e5 23. Bg3 g5 24. h3 Ng6 25. Nc3 Nf4 26. Qc2 Nxh3+ 27. Kh2 Nf4 28.
Nd5 Bxd5 29. cxd5 c4 30. Qa4 c3 31. Rc2 a5 32. Qb3 Rc8 33. Rdc1 Nd3 34. Qxc3
Qxc3 35. Rxc3 Nxc1 0-1

[Event "ENG-ch Senior 65+"]
[Site "Leamington"]
[Date "2023.05.07"]
[Round "6.17"]
[White "Hanks, Peter"]
[Black "Selley, Susan A"]
[Result "0-1"]
[WhiteElo "1249"]
[BlackElo "1353"]
[PlyCount "94"]
[EventDate "2023.05.04"]
[EventType "swiss"]
[EventRounds "7"]
[EventCountry "ENG"]
[SourceTitle "BritBase"]
[Source "John Saunders"]
[SourceDate "2023.05.08"]
[SourceVersion "1"]
[SourceVersionDate "2023.05.08"]
[SourceQuality "1"]

1. d4 d6 2. e3 g6 3. Bd3 Bg7 4. h3 Nc6 5. c3 Nf6 6. a3 O-O 7. Ne2 e5 8. O-O e4
9. Bb5 Bd7 10. a4 a6 11. Bc4 d5 12. Ba2 Ne7 13. b4 b5 14. Bb3 c6 15. a5 Nf5 16.
Nd2 Nh4 17. Nf4 Qc8 18. Qe1 g5 19. f3 gxf4 20. Qxh4 fxe3 21. Nb1 e2 22. Re1
exf3 23. Qg3 Kh8 24. Qxf3 Ne4 25. Rxe2 Rg8 26. Bc2 f5 27. Bxe4 fxe4 28. Qg3 Qf8
29. Bf4 Bf6 30. Qe3 Rg6 31. Nd2 Qg7 32. Rf1 Rg8 33. Rff2 h5 34. h4 Kh7 35. Nxe4
Bxh4 36. Bg3 Bxg3 37. Nf6+ Rxf6 38. Rxf6 Qxf6 39. Qe7+ Qxe7 40. Rxe7+ Rg7 41.
Re3 h4 42. Rf3 Kg6 43. Rf8 Be1 44. Rf3 Rf7 45. Rd3 Bf5 46. Rf3 Be4 47. Re3 Bf2+
0-1

[Event "ENG-ch Senior 65+"]
[Site "Leamington"]
[Date "2023.05.07"]
[Round "6.18"]
[White "Robinson, Steve"]
[Black "Earlam, Anthony"]
[Result "1-0"]
[WhiteElo "1297"]
[BlackElo "1644"]
[PlyCount "43"]
[EventDate "2023.05.04"]
[EventType "swiss"]
[EventRounds "7"]
[EventCountry "ENG"]
[SourceTitle "BritBase"]
[Source "John Saunders"]
[SourceDate "2023.05.08"]
[SourceVersion "1"]
[SourceVersionDate "2023.05.08"]
[SourceQuality "1"]

1. Nc3 e5 2. e4 Nc6 3. f4 d6 4. Nf3 Nf6 5. Bc4 Be7 6. d4 Bg4 7. Be2 Bxf3 8.
Bxf3 Nxd4 9. fxe5 dxe5 10. O-O Bc5 11. Kh1 Qe7 12. Bg5 Rd8 13. Nd5 Qd6 14. Bxf6
gxf6 15. Bh5 f5 16. c3 Ne6 17. Rxf5 Kd7 18. Rxf7+ Kc8 19. Bg4 c6 20. Qb3 Rd7
21. Bxe6 Qxe6 22. Nb6+ 1-0

[Event "ENG-ch Senior 65+"]
[Site "Leamington"]
[Date "2023.05.07"]
[Round "6.19"]
[White "Jones, Michael R"]
[Black "Carpenter, David J"]
[Result "1-0"]
[WhiteElo "1477"]
[BlackElo "1497"]
[PlyCount "93"]
[EventDate "2023.05.04"]
[EventType "swiss"]
[EventRounds "7"]
[EventCountry "ENG"]
[SourceTitle "BritBase"]
[Source "John Saunders"]
[SourceDate "2023.05.08"]
[SourceVersion "1"]
[SourceVersionDate "2023.05.08"]
[SourceQuality "1"]

1. e4 g6 2. d4 Bg7 3. Nc3 d6 4. Be3 Nf6 5. h3 O-O 6. Nf3 Nbd7 7. Be2 c5 8. O-O
cxd4 9. Nxd4 a6 10. a4 Qc7 11. a5 Nc5 12. Bf3 e5 13. Nde2 Bd7 14. b4 Ne6 15.
Nd5 Nxd5 16. exd5 e4 17. Bxe4 Bxa1 18. dxe6 Bg7 19. exd7 Qxd7 20. Bd5 Rab8 21.
Nd4 Kh8 22. Qd2 Rfe8 23. Nf3 f6 24. c4 Red8 25. Nd4 Re8 26. Bh6 Re7 27. Bxg7+
Kxg7 28. h4 h5 29. Bf3 Rc8 30. Bd5 Rb8 31. Qf4 Re5 32. Qd2 f5 33. Qc3 Kh7 34.
Nf3 Re7 35. Ng5+ Kh6 36. Qc1 Kg7 37. Qd1 Rc8 38. Qd4+ Kh6 39. Qf6 Qc7 40. Bf7
Rxf7 41. Nxf7+ Kh7 42. Ng5+ Kh6 43. Qf7 Qxf7 44. Nxf7+ Kg7 45. Nxd6 Rc6 46. Rd1
Kf8 47. c5 1-0

[Event "ENG-ch Senior 65+"]
[Site "Leamington"]
[Date "2023.05.08"]
[Round "7.1"]
[White "Baker, Chris W"]
[Black "De Coverly, Roger D"]
[Result "1-0"]
[WhiteElo "2226"]
[BlackElo "1945"]
[PlyCount "77"]
[EventDate "2023.05.04"]
[EventType "swiss"]
[EventRounds "7"]
[EventCountry "ENG"]
[SourceTitle "BritBase"]
[Source "John Saunders"]
[SourceDate "2023.05.08"]
[SourceVersion "1"]
[SourceVersionDate "2023.05.08"]
[SourceQuality "1"]

1. d4 Nf6 2. Nf3 g6 3. c4 Bg7 4. g3 O-O 5. Bg2 d6 6. O-O Nbd7 7. Nc3 e5 8. Qc2
Re8 9. Rd1 Qe7 10. b3 h6 11. e3 c6 12. Ba3 c5 13. Nb5 e4 14. Ne1 Nf8 15. dxc5
dxc5 16. Nd6 Bg4 17. Nxe8 Nxe8 18. Qxe4 Qxe4 19. Bxe4 Bxa1 20. Rxa1 Nd6 21. Bd5
Rc8 22. Nd3 b6 23. Bb2 Be6 24. Nf4 g5 25. Nxe6 fxe6 26. Bf3 Kf7 27. Rd1 Ke7 28.
Kg2 a6 29. Be5 Nf7 30. Bb7 Rd8 31. Rxd8 Nxd8 32. Bxa6 Nc6 33. Bc7 Nb4 34. Bb5
Nxa2 35. Bxb6 Kd6 36. Kf3 Nc1 37. Ba4 Ng6 38. Ke4 Ne7 39. b4 1-0

[Event "ENG-ch Senior 65+"]
[Site "Leamington"]
[Date "2023.05.08"]
[Round "7.2"]
[White "Snape, Ian L"]
[Black "Littlewood, Paul E"]
[Result "1/2-1/2"]
[WhiteElo "2096"]
[BlackElo "2347"]
[PlyCount "89"]
[EventDate "2023.05.04"]
[EventType "swiss"]
[EventRounds "7"]
[EventCountry "ENG"]
[SourceTitle "BritBase"]
[Source "John Saunders"]
[SourceDate "2023.05.08"]
[SourceVersion "1"]
[SourceVersionDate "2023.05.08"]
[SourceQuality "1"]

1. d4 Nf6 2. c4 e6 3. Nf3 b6 4. g3 Ba6 5. Qc2 Bb7 6. Bg2 Bb4+ 7. Bd2 a5 8. O-O
O-O 9. Nc3 d6 10. Rad1 Nbd7 11. h3 h6 12. Rfe1 Bxc3 13. Bxc3 Be4 14. Qc1 d5 15.
Nd2 Bxg2 16. Kxg2 c5 17. cxd5 exd5 18. e4 Rc8 19. Qb1 Re8 20. dxc5 Nxc5 21. e5
Nh7 22. Nc4 Nb7 23. Ne3 Rc5 24. Qf5 Ng5 25. Qg4 b5 26. h4 Ne6 27. Qf3 b4 28.
Nxd5 Qb8 29. Bd2 Rd8 30. Be3 Rc2 31. Bxh6 gxh6 32. Nf6+ Kg7 33. Qf5 Qc8 34.
Qh7+ Kf8 35. Qh8+ Ke7 36. Nd5+ Rxd5 37. Qxc8 Rxc8 38. Rxd5 Rc2 39. Red1 Nbc5
40. R5d2 Rc4 41. f4 Ng7 42. Kf3 h5 43. Rd4 Rc2 44. R4d2 Rc4 45. Rd4 1/2-1/2

[Event "ENG-ch Senior 65+"]
[Site "Leamington"]
[Date "2023.05.08"]
[Round "7.3"]
[White "Bowmer, Kevin"]
[Black "Page, Mark E"]
[Result "1/2-1/2"]
[WhiteElo "2093"]
[BlackElo "2044"]
[PlyCount "69"]
[EventDate "2023.05.04"]
[EventType "swiss"]
[EventRounds "7"]
[EventCountry "ENG"]
[SourceTitle "BritBase"]
[Source "John Saunders"]
[SourceDate "2023.05.08"]
[SourceVersion "1"]
[SourceVersionDate "2023.05.08"]
[SourceQuality "1"]

1. e4 c5 2. Nf3 d6 3. d4 cxd4 4. Nxd4 Nf6 5. Nc3 a6 6. f3 e5 7. Nb3 Be6 8. Be3
Nbd7 9. Qd2 b5 10. O-O-O Nb6 11. Qf2 Nfd7 12. f4 b4 13. Nd5 Bxd5 14. exd5 Be7
15. Na5 Qc7 16. Nc6 Nxd5 17. Nxe7 Nxe7 18. Bd3 exf4 19. Qxf4 Ne5 20. Qxb4 O-O
21. Be4 d5 22. Bxd5 Nxd5 23. Rxd5 Ng6 24. Qc5 Qb7 25. Rhd1 Rab8 26. b3 Rfc8 27.
Qd4 Qc7 28. Rc5 Qxh2 29. Rxc8+ Rxc8 30. Qd7 Qb8 31. Rd2 h6 32. Qd6 Qb7 33. Qd7
Qb8 34. Qd6 Qb7 35. Qd7 1/2-1/2

[Event "ENG-ch Senior 65+"]
[Site "Leamington"]
[Date "2023.05.08"]
[Round "7.4"]
[White "Myall, Ivan J"]
[Black "Raynes, Paul"]
[Result "0-1"]
[WhiteElo "1924"]
[BlackElo "2077"]
[PlyCount "128"]
[EventDate "2023.05.04"]
[EventType "swiss"]
[EventRounds "7"]
[EventCountry "ENG"]
[SourceTitle "BritBase"]
[Source "John Saunders"]
[SourceDate "2023.05.08"]
[SourceVersion "1"]
[SourceVersionDate "2023.05.08"]
[SourceQuality "1"]

1. e4 c5 2. c3 b6 3. d4 Bb7 4. f3 cxd4 5. cxd4 Nf6 6. Nc3 e6 7. Be3 Bb4 8. Nge2
O-O 9. a3 Bxc3+ 10. Nxc3 Nc6 11. Be2 Ne7 12. O-O Ng6 13. Rc1 Ne8 14. f4 f5 15.
e5 Ne7 16. Bf3 Bxf3 17. Qxf3 Nc7 18. Bd2 a5 19. Rc2 Ned5 20. Rfc1 Qb8 21. Ne2
b5 22. b4 a4 23. Rc5 Qb6 24. Be3 Ra7 25. Bf2 Qb8 26. Bh4 Qb6 27. Kh1 Qb8 28.
Rg1 Rf7 29. g4 fxg4 30. Rxg4 Qf8 31. Bg5 Kh8 32. Rc1 Ra8 33. Rcg1 Rc8 34. Rh4
Ne8 35. Qh3 g6 36. Qd3 Qg8 37. Qxb5 Rc2 38. Qd3 Rb2 39. Bd8 Rb3 40. Qc2 Rg7 41.
Bg5 Ne3 42. Qc1 Nf5 43. Rhg4 Rd3 44. Qb2 Rf7 45. Bf6+ Nxf6 46. exf6 Qa8+ 47. d5
Qxd5+ 48. R4g2 Ne3 49. Nc3 Qf3 50. Ne2 Nxg2 51. Rxg2 Rd1+ 52. Ng1 Qxf4 53. Qc2
Rc1 54. Qxa4 Qxf6 55. Qa8+ Kg7 56. b5 Qf3 57. Qa7 Rb1 58. Qd4+ Kg8 59. a4 e5
60. Qc5 d6 61. Qb6 e4 62. a5 e3 63. h3 Qxh3+ 64. Rh2 Rxg1+ 0-1

[Event "ENG-ch Senior 65+"]
[Site "Leamington"]
[Date "2023.05.08"]
[Round "7.5"]
[White "Clark, Robert G"]
[Black "Shephard, Chris Cw"]
[Result "1/2-1/2"]
[WhiteElo "2080"]
[BlackElo "2189"]
[PlyCount "83"]
[EventDate "2023.05.04"]
[EventType "swiss"]
[EventRounds "7"]
[EventCountry "ENG"]
[SourceTitle "BritBase"]
[Source "John Saunders"]
[SourceDate "2023.05.08"]
[SourceVersion "1"]
[SourceVersionDate "2023.05.08"]
[SourceQuality "1"]

1. c4 g6 2. g3 Bg7 3. Bg2 d6 4. Nf3 e5 5. d3 c5 6. O-O Nc6 7. Nc3 Nge7 8. h3
O-O 9. a3 Rb8 10. Rb1 a5 11. Kh2 h6 12. Ne1 Be6 13. Nd5 b5 14. Nc2 b4 15. a4 f5
16. f4 Nd4 17. Nce3 Ndc6 18. b3 Qd7 19. Bb2 Rbe8 20. Qd2 Kh7 21. Nxe7 Nxe7 22.
Nd5 Bxd5 23. cxd5 Ng8 24. e3 exf4 25. exf4 Nf6 26. Rbe1 Qf7 27. d4 Nd7 28. Rxe8
Rxe8 29. Re1 cxd4 30. Rxe8 Qxe8 31. Bxd4 Bxd4 32. Qxd4 Nc5 33. Qf6 Qd7 34. Bf1
Nxb3 35. Bb5 Qg7 36. Qxd6 Qb2+ 37. Kh1 Qc1+ 38. Kh2 Qd2+ 39. Kh1 Qe1+ 40. Kh2
Qf2+ 41. Kh1 Qf3+ 42. Kh2 1/2-1/2

[Event "ENG-ch Senior 65+"]
[Site "Leamington"]
[Date "2023.05.08"]
[Round "7.6"]
[White "Bray, Dave J"]
[Black "Moore, Geoffrey R"]
[Result "0-1"]
[WhiteElo "1989"]
[BlackElo "1969"]
[PlyCount "147"]
[EventDate "2023.05.04"]
[EventType "swiss"]
[EventRounds "7"]
[EventCountry "ENG"]
[SourceTitle "BritBase"]
[Source "John Saunders"]
[SourceDate "2023.05.08"]
[SourceVersion "1"]
[SourceVersionDate "2023.05.08"]
[SourceQuality "1"]

1. d4 Nf6 2. c4 g6 3. Nc3 Bg7 4. e4 d6 5. Nf3 O-O 6. Be2 Nbd7 7. O-O e5 8. Be3
Ng4 9. Bg5 f6 10. Bh4 h5 11. h3 Nh6 12. dxe5 dxe5 13. Qd5+ Nf7 14. Rad1 c6 15.
Qd2 Qe7 16. Qc2 Nc5 17. Bg3 Ne6 18. Rfe1 Bh6 19. Bf1 Nf4 20. Ne2 Ne6 21. Nc3
Nfd8 22. Ne2 Bd7 23. a3 Be8 24. b4 g5 25. c5 h4 26. Bh2 Bh5 27. Qb3 Nf7 28. g4
Bg6 29. Nc3 Rfd8 30. Qc4 Bf8 31. Be2 Rxd1 32. Rxd1 Rd8 33. Rxd8 Nfxd8 34. Qd3
Be8 35. Kf1 Qd7 36. Qxd7 Bxd7 37. Bc4 Be7 38. Ke2 Kf8 39. Ke3 Nc7 40. Nd2 Be6
41. Bxe6 Ncxe6 42. Nb3 Ke8 43. Ne2 Kd7 44. Kd3 Nf7 45. Na5 b6 46. cxb6 axb6 47.
Nc4 Kc7 48. Ne3 Bf8 49. Nf5 b5 50. Nc3 Nd6 51. Nxd6 Bxd6 52. Ne2 Kd7 53. Kc3
Bc7 54. f3 Nd4 55. Ng1 Bd6 56. Kd3 c5 57. Kc3 cxb4+ 58. axb4 Nc6 59. Ne2 Bxb4+
60. Kb3 Bc5 61. Bg1 Nd4+ 62. Nxd4 Bxd4 63. Bxd4 exd4 64. Kc2 Ke6 65. Kd2 Ke5
66. Kd3 Kf4 67. Kxd4 Kxf3 68. e5 fxe5+ 69. Kxe5 b4 70. Kf5 b3 71. Kxg5 Kg3 72.
Kh6 b2 73. g5 b1=Q 74. g6 0-1

[Event "ENG-ch Senior 65+"]
[Site "Leamington"]
[Date "2023.05.08"]
[Round "7.7"]
[White "Hutchinson, Paul A"]
[Black "McNally, Richard J E"]
[Result "1-0"]
[WhiteElo "2005"]
[BlackElo "1891"]
[PlyCount "69"]
[EventDate "2023.05.04"]
[EventType "swiss"]
[EventRounds "7"]
[EventCountry "ENG"]
[SourceTitle "BritBase"]
[Source "John Saunders"]
[SourceDate "2023.05.08"]
[SourceVersion "1"]
[SourceVersionDate "2023.05.08"]
[SourceQuality "1"]

1. d4 d5 2. Bf4 Nf6 3. e3 c5 4. Nf3 e6 5. Nbd2 Nc6 6. c3 Nh5 7. Bg5 f6 8. Bh4
g6 9. Bd3 cxd4 10. cxd4 Be7 11. a3 f5 12. Bxe7 Qxe7 13. Bb5 Bd7 14. O-O Nf6 15.
b4 O-O 16. Nb3 Ne4 17. Rc1 g5 18. Nfd2 Nxd2 19. Qxd2 Rf6 20. e4 fxe4 21. Qxg5+
Kh8 22. Rc3 Rg8 23. Qh4 e5 24. Nc5 Rg4 25. Qh5 exd4 26. Rg3 Rxg3 27. hxg3 e3
28. f4 Be8 29. Qd1 Nxb4 30. axb4 Bxb5 31. Re1 b6 32. Nd3 Bxd3 33. Qxd3 Qxb4 34.
Rc1 Rf8 35. Rc7 1-0

[Event "ENG-ch Senior 65+"]
[Site "Leamington"]
[Date "2023.05.08"]
[Round "7.8"]
[White "Tucker, David S"]
[Black "Hutchinson, Norman A"]
[Result "0-1"]
[WhiteElo "1909"]
[BlackElo "1968"]
[PlyCount "110"]
[EventDate "2023.05.04"]
[EventType "swiss"]
[EventRounds "7"]
[EventCountry "ENG"]
[SourceTitle "BritBase"]
[Source "John Saunders"]
[SourceDate "2023.05.08"]
[SourceVersion "1"]
[SourceVersionDate "2023.05.08"]
[SourceQuality "1"]

1. e4 c6 2. d4 d5 3. exd5 cxd5 4. Bd3 Nc6 5. c3 Qc7 6. Ne2 Bg4 7. f3 Bd7 8. f4
Nf6 9. Nd2 Bg4 10. O-O e6 11. Nf3 Bxf3 12. Rxf3 g6 13. b4 Bd6 14. a4 O-O 15.
Ng3 Ne7 16. Bd2 Nf5 17. Nxf5 exf5 18. g3 Ne4 19. Bxe4 fxe4 20. Re3 Rac8 21. Qb3
Qc4 22. Qxc4 Rxc4 23. a5 Kg7 24. Rf1 Kf6 25. Kg2 h5 26. h4 Kf5 27. Kh3 Be7 28.
Re2 Rfc8 29. Re3 Bd8 30. Ra1 R8c6 31. Rd1 Ra6 32. Be1 b6 33. axb6 axb6 34. Rd2
Rc8 35. Rde2 b5 36. Bd2 Rca8 37. Be1 Ra1 38. Bd2 Rd1 39. Be1 Raa1 40. Kg2 Kg4
41. Kf1 Rdb1 42. Kf2 f6 43. Kg2 Be7 44. Bf2 Ra3 45. Re1 Rxe1 46. Bxe1 Bxb4 47.
Kf1 Ba5 48. Ke2 Ra2+ 49. Kd1 Kh3 50. Kc1 f5 51. Kd1 Kg2 52. Bd2 Ra1+ 53. Ke2
Rf1 54. Be1 Rf3 55. Kd2 Kf1 0-1